Mátalos suavemente /
Jackie Cogan is a hitman for the New England mob who has been enlisted to find out who pulled the latest heist at a criminal poker ring and "take care of them." A ruthless professional with the efficacy of a businessman and a sharp sense for recognizing other people's weaknesses, Coga...
Saved in:
| 主要作者: | |
|---|---|
| 其他作者: | |
| 格式: | 電子 電子書 |
| 語言: | 西班牙语 英语 |
| 出版: |
Barcelona, España :
Libros del Asteroide S.L.U.,
[20
|
| 叢編: | Libros del Asteroide ;
102. |
| 主題: | |
| 在線閱讀: | Digitalia Hispánica |
| 標簽: |
添加標簽
沒有標簽, 成為第一個標記此記錄!
|
MARC
| LEADER | 00000nam a2200000Ii 4500 | ||
|---|---|---|---|
| 001 | DIGLIBASTRD0001 | ||
| 003 | NyNyDIG | ||
| 007 | cr ||||||||||| | ||
| 008 | 180315s2012 sp o 000 f spa d | ||
| 006 | m o d | ||
| 035 | |a (OCoLC)1007137567 | ||
| 040 | |a DGITA |b eng |e rda |e pn |c DGITA | ||
| 020 | |a 9788415625179 |q (eBook ; |q ePub) | ||
| 020 | |a 8415625170 |q (eBook ; |q ePub) | ||
| 020 | |z 9788415625056 | ||
| 020 | |z 8415625057 | ||
| 041 | 1 | |a spa |h eng | |
| 050 | 1 | 4 | |a PS3558.I356 ebook |
| 082 | 0 | 4 | |a 813.54 |a Fic |
| 100 | 1 | |a Higgins, George V., |d 1939-1999, |e author. | |
| 240 | 1 | 0 | |a Cogan's trade. |l Spanish |s (Palmer) |
| 245 | 1 | 0 | |a Mátalos suavemente / |c George V. Higgins ; traducción de Magdalena Palmer. |
| 264 | 1 | |a Barcelona, España : |b Libros del Asteroide S.L.U., |c [20 | |
| 300 | |a 1 online resource. | ||
| 336 | |a text |b txt |2 rdacontent | ||
| 337 | |a computer |b c |2 rdamedia | ||
| 338 | |a online resource |b cr |2 rdacarrier | ||
| 520 | |a Jackie Cogan is a hitman for the New England mob who has been enlisted to find out who pulled the latest heist at a criminal poker ring and "take care of them." A ruthless professional with the efficacy of a businessman and a sharp sense for recognizing other people's weaknesses, Cogan doesn't stop at finding the guilty parties and restoring honor to those who hired him. Lively dialogue, biting humor, and constant tension keep alive the suspense of a plot that unfolds in 1970s-Boston's criminal underworldùfull of petty thieves, hired assassins, mobsters, and corrupt law enforcement. | ||
| 588 | 0 | |a Online resource; title from ePub title page (Digitalia, viewed March 20, 2018) | |
| 655 | 7 | |a Detective and mystery fiction. |2 lcgft | |
| 655 | 7 | |a Thrillers (Fiction) |2 lcgft | |
| 655 | 0 | |a Electronic books. | |
| 700 | 1 | |a Palmer, Magdalena, |e translator. | |
| 700 | 1 | |i Translation of: |a Higgins, George V., |d 1939-1999. |t Cogan's trade. | |
| 791 | 2 | |a Digitalia (Firm), |e distributor. | |
| 793 | 0 | |g Digitalia eBook Collection: |a Libros del Asteroide | |
| 776 | 0 | 8 | |i Print version: |a Higgins, George V., 1939-1999. |s Cogan's trade. Spanish (Palmer) |t Mátalos suavemente. |b Primera edición. |d Barcelona, España : Libros del Asteroide, 2012 |z 9788415625056 |w (OCoLC)951831744 |
| 830 | 0 | |a Libros del Asteroide ; |v 102. | |
| 856 | 4 | 0 | |3 Digitalia Hispánica |u https://digitalia.unach.elogim.com/a/31697/ |
| 910 | |a Premium collection: 2018 | ||